[Event "GER-chT U20 Girls"]
[Site "Magdeburg"]
[Date "2023.12.29"]
[Round "6.9"]
[White "Erakhnovich, Sofia"]
[Black "Golden, Roshaniya"]
[Result "0-1"]
[WhiteElo "789"]
[BlackElo "968"]
[PlyCount "52"]
[EventDate "2023.12.26"]
[EventType "team-swiss"]
[EventRounds "7"]
[EventCountry "GER"]
[SourceTitle "CB03_2024"]
[SourceDate "2024.01.17"]
[SourceVersion "1"]
[SourceVersionDate "2024.01.17"]
[SourceQuality "1"]
[WhiteTeam "Stuttgart Strateg"]
[BlackTeam "Muenster 32"]
[WhiteTeamCountry "GER"]
[BlackTeamCountry "GER"]

1. d4 Nf6 2. Nf3 d5 3. e3 Bg4 4. Nbd2 e6 5. Bd3 Bd6 6. 0-0 Nbd7 7. Be2 0-0 8. b3 e5 9. Bb2 e4 10. Ne5 Be6 11. c4 c5 12. cxd5 Bxd5 13. Ndc4 Bc7 14. Qd2 b5 15. Nxd7 Nxd7 16. Ne5 b4 17. Nxd7 Qxd7 18. dxc5 a5 19. Bc4 Rad8 20. Bxd5 Qxd5 21. Qxd5 Rxd5 22. Bd4 f5 23. g3 g5 24. Kg2 f4 25. Kh3 f3 26. g4 Re8 0-1

[Event "GER-chT U20 Girls"]
[Site "Magdeburg"]
[Date "2023.12.29"]
[Round "5.6"]
[White "Hellenbroich, Helene"]
[Black "Golden, Roshaniya"]
[Result "1-0"]
[WhiteElo "1358"]
[BlackElo "968"]
[PlyCount "28"]
[EventDate "2023.12.26"]
[EventType "team-swiss"]
[EventRounds "7"]
[EventCountry "GER"]
[SourceTitle "CB03_2024"]
[SourceDate "2024.01.17"]
[SourceVersion "1"]
[SourceVersionDate "2024.01.17"]
[SourceQuality "1"]
[WhiteTeam "Luebeck"]
[BlackTeam "Muenster 32"]
[WhiteTeamCountry "GER"]
[BlackTeamCountry "GER"]

1. e4 e5 2. Bc4 Nf6 3. d3 Bc5 4. Nf3 Nc6 5. c3 a6 6. Bb3 d6 7. Nbd2 Ng4 8. 0-0 Qe7 9. Ba4 Bd7 10. b4 Ba7 11. Rb1 h5 12. b5 axb5 13. Bxb5 h4 14. h3 Nh6 1-0

[Event "GER-chT U20 Girls"]
[Site "Magdeburg"]
[Date "2023.12.27"]
[Round "1.8"]
[White "Golden, Roshaniya"]
[Black "Chung, Dana"]
[Result "1/2-1/2"]
[WhiteElo "968"]
[BlackElo "1289"]
[PlyCount "114"]
[EventDate "2023.12.26"]
[EventType "team-swiss"]
[EventRounds "7"]
[EventCountry "GER"]
[SourceTitle "CB03_2024"]
[SourceDate "2024.01.17"]
[SourceVersion "1"]
[SourceVersionDate "2024.01.17"]
[SourceQuality "1"]
[WhiteTeam "Muenster 32"]
[BlackTeam "Karlsruhe SF"]
[WhiteTeamCountry "GER"]
[BlackTeamCountry "GER"]

1. e4 c6 2. Nf3 d5 3. Nc3 dxe4 4. Nxe4 Bg4 5. h3 Bh5 6. Ng3 Bg6 7. h4 h6 8. Ne5 Bh7 9. Qh5 g6 10. Bc4 e6 11. Qe2 Qe7 12. d3 Nd7 13. Bd2 Bg7 14. d4 Nxe5 15. dxe5 0-0-0 16. 0-0-0 g5 17. hxg5 hxg5 18. Qe3 Kb8 19. Qxg5 Qxg5 20. Bxg5 Rxd1+ 21. Rxd1 Bxe5 22. Rd8+ Kc7 23. Re8 Bxg3 24. fxg3 Bg6 25. Bf4+ Kd7 26. Rb8 b5 27. Be2 Rh1+ 28. Kd2 Ne7 29. Rb7+ Kd8 30. Bg5 f6 31. Bxf6 Rh7 32. Rxa7 Ke8 33. Bf3 Nd5 34. Rxh7 Bxh7 35. Bxd5 exd5 36. g4 Kd7 37. c3 Kd6 38. Ke3 Ke6 39. g5 Be4 40. g3 Bg6 41. Kd4 Kd6 42. Be5+ Ke6 43. Bf4 Ke7 44. Kc5 Be8 45. b3 Ke6 46. c4 dxc4 47. bxc4 Kf5 48. a3 Kg6 49. cxb5 cxb5 50. Kd6 Bf7 51. Ke7 Bc4 52. Kd6 Bf7 53. g4 Be8 54. Kc5 Bd7 55. Kb4 Be8 56. Ka5 Bd7 57. Kb4 Be8 1/2-1/2